000 00491nam a2200241Ia 4500
001 067818
003 YMCAF
005 20230512160453.0
008 100717s1978 ||||||||||||||||| ||und|d
020 _a-
024 _a67818
035 _a7281
040 _aYMCAF
_beng
_cIN-KoLT
041 _aeng
100 _aT.T.P Schillo, A
245 0 _aElectro-WestermaNN Tables
250 _a-
260 _bLAHORE
_c1978
300 _a102
653 _a-
653 _a-
942 _2ddc
_cBK
999 _c4727
_d4727